| 000 | 01299cab a2200277 4500 | ||
|---|---|---|---|
| 001 | ABS55228 | ||
| 008 | 090401t1996 xxu||||| |||| 00| 0 eng d | ||
| 035 | _a(Sirsi) u14959 | ||
| 041 | _aeng | ||
| 100 | _aNewell, G. | ||
| 245 | _aImpact of leading economic indicators on commercial property performance | ||
| 260 | _c1996 | ||
| 350 | _a0 | ||
| 490 |
_aValuer and Land Economist _v34(2) May 1996, 138-144(7) |
||
| 520 | _aA research review article assessing the impact of a range of economic indicators on Australian commercial property performance over the 10-year period 1984-94. From this research concludes that most economic factors achieved their maximum impact on commercial property performance within one year. Predictive models based on these economic factors can then be used to forecast property market performance and would be useful in identifying suitable property investment strategies. References. | ||
| 650 | _aAUSTRALIA | ||
| 650 | _aPROPERTY-COMMERCIAL PROPERTY | ||
| 650 | _aECONOMIC INDICATORS | ||
| 650 | _aINVESTMENT PERFORMANCE | ||
| 650 | _aPROPERTY PERFORMANCE | ||
| 690 | _aPROPERTY-COMMERCIAL PROPERTY-COMMERCIAL PROPERTY FINANCE AND INVESTMENT | ||
| 690 | _aOVERSEAS-REST OF THE WORLD | ||
| 700 | _aHiggins, D. | ||
| 942 | _n0 | ||
| 948 | _c04/03/1997 | ||
| 999 |
_c9768 _d9768 |
||